Southville International School and Colleges
Your cart is empty.
  • Cart
  • Lists
    Public lists Eva Luna New books Lux_list list_1
    Your lists Log in to create your own lists
  • Log in to your account
  • Your cookies
  • Search history
Southville International School and Colleges
  • Advanced search
  • Recent comments
  • Most popular
  • Libraries

Log in to your account

Log in with GOOGLE


If you do not have an external account, but do have a local account, you can still log in:

  1. Home
  2. MARC view: The top 10 of everything 2010/
Normal view MARC view ISBD view

The top 10 of everything 2010/ (Record no. 3822)

[ view plain ]
MARC details
000 -LEADER
fixed length control field 00853 am a2200277 a 4500
001 - CONTROL NUMBER
control field 6669605
003 - CONTROL NUMBER IDENTIFIER
control field CaOOAMICUS
005 - DATE AND TIME OF LATEST TRANSACTION
control field 20140310181807.0
008 - FIXED-LENGTH DATA ELEMENTS--GENERAL INFORMATION
fixed length control field 061102s2008 nyua b 001 0 eng d
020 ## - INTERNATIONAL STANDARD BOOK NUMBER
International Standard Book Number 9780600618164
040 ## - CATALOGING SOURCE
Original cataloging agency CaBPR
Language of cataloging eng
Transcribing agency NjBwBT
050 14 - LIBRARY OF CONGRESS CALL NUMBER
Classification number AG 243
Item number .As819 2009
082 04 - DEWEY DECIMAL CLASSIFICATION NUMBER
Classification number REF 031.02
Item number As3 2009
100 1# - MAIN ENTRY--PERSONAL NAME
Personal name Ash, Russell.
245 14 - TITLE STATEMENT
Title The top 10 of everything 2010/
Statement of responsibility, etc Russell Ash.
246 3# - VARYING FORM OF TITLE
Title proper/short title Top ten of everything 2009
260 ## - PUBLICATION, DISTRIBUTION, ETC. (IMPRINT)
Place of publication, distribution, etc New York :
Name of publisher, distributor, etc Sterling Publishing Co.,
Date of publication, distribution, etc 2009.
300 ## - PHYSICAL DESCRIPTION
Extent 256 p. :
Other physical details ill. (some col.) ;
Dimensions 28 cm.
504 ## - BIBLIOGRAPHY, ETC. NOTE
Bibliography, etc Includes bibliographical references and index.
520 ## - SUMMARY, ETC.
Summary, etc 1. Curiosities and wonders--World record--Miscellanea.
562 ## - COPY AND VERSION IDENTIFICATION NOTE
Number of copies 1
650 #0 - SUBJECT ADDED ENTRY--TOPICAL TERM
Topical term or geographic name as entry element Curiosities and wonders.
650 #0 - SUBJECT ADDED ENTRY--TOPICAL TERM
Topical term or geographic name as entry element World records
Form subdivision Miscellanea.
942 ## - ADDED ENTRY ELEMENTS (KOHA)
Source of classification or shelving scheme Library of Congress Classification
Koha item type Books
Call number prefix
Holdings
Withdrawn status Lost status Source of classification or shelving scheme Damaged status Home library Current library Shelving location Date acquired Total Checkouts Full call number Barcode Date last seen Copy number Price effective from Koha item type
    Library of Congress Classification   Luxembourg Library Luxembourg Library Reference Section 07/04/2013   AG 243 .As819 2009 17630 03/08/2016 1 07/04/2013 Books

The top 10 of everything 2010/

APA

Ash R., . (2009). The top 10 of everything 2010. New York: Sterling Publishing Co.

Chicago

Ash Russell, . 2009. The top 10 of everything 2010. New York: Sterling Publishing Co.

Harvard

Ash R., . (2009). The top 10 of everything 2010. New York: Sterling Publishing Co.

MLA

Ash Russell, . The top 10 of everything 2010. New York: Sterling Publishing Co. 2009.

  • Print
  • Cite
  • Add to your cart (remove)
  • Save record
    BIBTEX Dublin Core MARCXML MARC (non-Unicode/MARC-8) MARC (Unicode/UTF-8) MARC (Unicode/UTF-8, Standard) MODS (XML) RIS
  • More searches
    Search for this title in:
    Other Libraries (WorldCat) Other Databases (Google Scholar) Online Stores (Bookfinder.com) Open Library (openlibrary.org)

Exporting to Dublin Core...

SOUTHVILLE LIBRARY

Southville International School and Colleges Library

1281 Tropical Ave. Cor. Luxembourg St., BF Homes International, Las Pinas City

Tel. No. 8256374 / 252358 Loc. 117/146

Powered by Koha